|
|
|
|
| LEADER |
00000caa a2200000 c 4500 |
| 001 |
1183114540 |
| 003 |
DE-627 |
| 005 |
20220525120204.0 |
| 007 |
tu |
| 008 |
040826s2003 xx ||||| 00| ||ger c |
| 020 |
|
|
|a 3931659275
|
| 035 |
|
|
|a (DE-627)1183114540
|
| 035 |
|
|
|a (DE-576)113114540
|
| 035 |
|
|
|a (DE-599)BSZ113114540
|
| 040 |
|
|
|a DE-627
|b ger
|c DE-627
|e rakwb
|
| 041 |
|
|
|a ger
|
| 084 |
|
|
|a 0
|2 ssgn
|
| 100 |
1 |
|
|0 (DE-588)118172883
|0 (DE-627)060093919
|0 (DE-576)164388990
|4 aut
|a Priddat, Birger P.
|d 1950-
|
| 109 |
|
|
|a Priddat, Birger P. 1950-
|a Priddat, Birger-P. 1950-
|a Priddat, Birger 1950-
|a Priddat, B. P. 1950-
|a Priddat, Birger-Peter 1950-
|
| 245 |
1 |
0 |
|a "Geist der Ornamentik", Ideogrammatik des Geldes
|b Allegorien bürgerlicher Zivilreligion auf Banknoten des 19. und 20. Jahrhunderts
|c Birger P. Priddat
|
| 264 |
|
1 |
|c 2003
|
| 336 |
|
|
|a Text
|b txt
|2 rdacontent
|
| 337 |
|
|
|a ohne Hilfsmittel zu benutzen
|b n
|2 rdamedia
|
| 338 |
|
|
|a Band
|b nc
|2 rdacarrier
|
| 601 |
|
|
|a Ornament
|
| 601 |
|
|
|a Allegorie
|
| 601 |
|
|
|a Zivilreligion
|
| 601 |
|
|
|a Banknote
|
| 773 |
0 |
8 |
|i In
|t Kapitalismus als Religion
|d Berlin : Kulturverl. Kadmos, 2003
|g (2003), Seite 19 - 34
|h 314 Seiten
|w (DE-627)352734787
|w (DE-576)098001167
|z 3931659275
|7 nnam
|
| 773 |
1 |
8 |
|g year:2003
|g pages:19 - 34
|
| 951 |
|
|
|a AR
|
| ELC |
|
|
|b 1
|
| ITA |
|
|
|a 1
|
| LOK |
|
|
|0 000 xxxxxcx a22 zn 4500
|
| LOK |
|
|
|0 001 2938949596
|
| LOK |
|
|
|0 003 DE-627
|
| LOK |
|
|
|0 004 1183114540
|
| LOK |
|
|
|0 005 20160919104937
|
| LOK |
|
|
|0 008 160919||||||||||||||||ger|||||||
|
| LOK |
|
|
|0 040
|a DE-21-85
|c DE-627
|d DE-21-85
|
| LOK |
|
|
|0 852
|a DE-21-85
|
| LOK |
|
|
|0 852 1
|m p
|9 00
|
| LOK |
|
|
|0 938
|k p
|
| LOK |
|
|
|0 939
|a 19-09-16
|b l01
|
| ORI |
|
|
|a SA-MARC-ixtheoa001.raw
|
| REL |
|
|
|a 1
|
| SUB |
|
|
|a REL
|